Fr. Conceicao Rodrigues College of Engineering

Information technology in every day life (Record no. 25767)

MARC details
000 -LEADER
fixed length control field 00349nam a2200145Ia 4500
100 ## - MAIN ENTRY--PERSONAL NAME
Personal name Goyal/M.L
245 ## - TITLE STATEMENT
Title Information technology in every day life
260 ## - PUBLICATION, DISTRIBUTION, ETC.
Name of publisher, distributor, etc. Tata Mc Graw hill
Place of publication, distribution, etc. New Delhi
Date of publication, distribution, etc. 1991
300 ## - PHYSICAL DESCRIPTION
Extent 460
546 ## - LANGUAGE NOTE
Language note ENGLISH
650 ## - SUBJECT ADDED ENTRY--TOPICAL TERM
Topical term or geographic name entry element Information technology
654 ## - SUBJECT ADDED ENTRY--FACETED TOPICAL TERMS
Focus term Information technology
942 ## - ADDED ENTRY ELEMENTS (KOHA)
Koha item type BOOK
Holdings
Withdrawn status Lost status Damaged status Not for loan Collection Home library Current library Date acquired Source of acquisition Cost, normal purchase price Inventory number Total Checkouts Full call number Barcode Date last seen Cost, replacement price Price effective from Koha item type
        CRC Fr. Agnel's C.Rodrigues College of Engineering Fr. Agnel's C.Rodrigues College of Engineering 17/03/2023 ISTE 150.00 10841 dt 18.07.92   3704 17/03/2023 150.00 18/07/1992 BOOK